[Event "6. OPEN International Ch of Vojvodina 20"]
[Site "Novi Sad"]
[Date "2015.07.29"]
[Round "7.27"]
[White "Elez, Nikola"]
[Black "Parnicki, Zlatko"]
[Result "1/2-1/2"]
[WhiteElo "2222"]
[BlackElo "2071"]
[PlyCount "113"]
[EventDate "2015.07.25"]

1. e4 c5 2. b3 d6 3. Bb2 Nf6 4. Bb5+ Nbd7 5. Bxf6 exf6 6. Ne2 a6 7. Bxd7+ Bxd7
8. O-O f5 9. exf5 Bxf5 10. Ng3 Be6 11. f4 Be7 12. Qf3 Rb8 13. Nc3 O-O 14. f5
Bd7 15. Nd5 Bf6 16. c3 Bc6 17. Nxf6+ Qxf6 18. Qg4 Kh8 19. Nh5 Qh6 20. f6 g6 21.
Nf4 Rfe8 22. Rae1 Qf8 23. d3 Rxe1 24. Rxe1 Re8 25. Kf2 Rxe1 26. Kxe1 Qe8+ 27.
Kd2 h6 28. g3 Kh7 29. Qe2 Qe5 30. Qxe5 dxe5 31. Nh3 g5 32. Nf2 h5 33. g4 Kg6
34. gxh5+ Kxh5 35. Ke3 b6 36. d4 exd4+ 37. cxd4 Kg6 38. dxc5 bxc5 39. Nd3 Kxf6
40. Nxc5 a5 41. a3 Kf5 42. Nd3 Bd5 43. b4 axb4 44. axb4 Bc4 45. Nf2 Ke5 46.
Ng4+ Kf5 47. Nf2 Ba6 48. Ne4 Kg4 49. Nf2+ Kh5 50. Ne4 Kh4 51. Kf2 f5 52. Nd6
Bd3 53. b5 f4 54. b6 Ba6 55. b7 Bxb7 56. Nxb7 Kh3 57. Kg1 1/2-1/2

[Event "6. OPEN International Ch of Vojvodina 20"]
[Site "Novi Sad"]
[Date "2015.07.29"]
[Round "7.28"]
[White "Ciric, Dragan"]
[Black "Nestorovic, Dejan"]
[Result "0-1"]
[WhiteElo "2125"]
[BlackElo "2408"]
[PlyCount "88"]
[EventDate "2015.07.25"]

1. e4 c5 2. Nf3 e6 3. d4 cxd4 4. Nxd4 a6 5. c4 Qc7 6. Nc2 Nf6 7. Nc3 b6 8. Be2
Bb7 9. f3 Bd6 10. g3 h5 11. Be3 h4 12. Qd2 hxg3 13. O-O-O Rxh2 14. Rxh2 gxh2
15. Na4 b5 16. Bb6 Bf4 17. Bxc7 Bxd2+ 18. Kxd2 bxa4 19. Bxh2 Ke7 20. Kc3 Ne8
21. c5 Nc6 22. Ne3 f6 23. Nc4 g5 24. Nb6 Rd8 25. Nxa4 e5 26. Bg1 Nc7 27. Nb6
Ne6 28. Rd6 Ncd4 29. Bxd4 Nxd4 30. Bxa6 Bc6 31. Rxd4 exd4+ 32. Kxd4 f5 33. Ke5
fxe4 34. fxe4 Rf8 35. b4 g4 36. Nc4 g3 37. Ne3 Rf3 38. Ng2 Rf2 39. Ne3 g2 40.
Nxg2 Rxg2 41. Bc4 Rc2 42. Bb3 Re2 43. Bd5 Bxd5 44. Kxd5 Rxa2 0-1

[Event "6. OPEN International Ch of Vojvodina 20"]
[Site "Novi Sad"]
[Date "2015.07.29"]
[Round "7.29"]
[White "Bergez, Luc"]
[Black "Markov, Ziva"]
[Result "1-0"]
[WhiteElo "2341"]
[BlackElo "2144"]
[PlyCount "81"]
[EventDate "2015.07.25"]

1. e4 e5 2. Nf3 Nc6 3. Bc4 Nf6 4. d3 Be7 5. O-O d6 6. Nbd2 O-O 7. c3 Na5 8. Bb5
a6 9. Ba4 b5 10. Bc2 c5 11. Re1 Qc7 12. Nf1 Re8 13. Ng3 h6 14. h3 Kh7 15. Nh2
Ng8 16. Ng4 g6 17. f4 Bh4 18. Qf3 Bxg4 19. Qxg4 Qe7 20. Rf1 Bxg3 21. Qxg3 f6
22. Be3 Rab8 23. Rf3 b4 24. fxe5 dxe5 25. Qf2 Rec8 26. cxb4 cxb4 27. Ba4 Kg7
28. Ba7 Ra8 29. Bb6 Nb7 30. Bb3 Nd6 31. Rf1 Ne8 32. Bd5 Rab8 33. Ba7 Rb5 34.
Bc4 Ra5 35. Bb6 Rxc4 36. dxc4 Rxa2 37. Rd3 Qb7 38. Rd5 Ne7 39. Rxe5 Rxb2 40.
Rxe7+ Qxe7 41. Qxb2 1-0

[Event "6. OPEN International Ch of Vojvodina 20"]
[Site "Novi Sad"]
[Date "2015.07.29"]
[Round "7.30"]
[White "Srdjanov, Stevan"]
[Black "Nestorovic, Lazar"]
[Result "1/2-1/2"]
[WhiteElo "2123"]
[BlackElo "2337"]
[PlyCount "112"]
[EventDate "2015.07.25"]

1. g3 Nf6 2. Bg2 g6 3. c4 Bg7 4. Nc3 O-O 5. Nf3 d6 6. O-O e5 7. d3 Nh5 8. Rb1
f5 9. Bd2 f4 10. Ne4 a5 11. Bc3 Nc6 12. a3 a4 13. b4 axb3 14. Qxb3 Kh8 15. Qb2
b6 16. e3 fxe3 17. fxe3 Bd7 18. Rf2 Qe7 19. Rbf1 Nf6 20. Nxf6 Rxf6 21. h4 Raf8
22. Kh2 R6f7 23. Ng5 Rxf2 24. Rxf2 h6 25. Ne4 Nd8 26. Rxf8+ Qxf8 27. Qf2 Qxf2
28. Nxf2 Kg8 29. g4 Kf7 30. Kg3 Ke7 31. Be4 Be8 32. a4 c6 33. a5 bxa5 34. Bxa5
Ne6 35. Bb4 Kd7 36. Bf3 Bf8 37. Bd1 d5 38. Bxf8 Nxf8 39. cxd5 cxd5 40. Ba4+ Ke7
41. Bxe8 Kxe8 42. h5 Kf7 43. hxg6+ Kxg6 44. Kf3 Ne6 45. Nh3 Kf6 46. Kg3 Ke7 47.
Kh4 Ng7 48. e4 d4 49. g5 hxg5+ 50. Kxg5 Kd6 51. Kf6 Ne8+ 52. Kf5 Ng7+ 53. Kg6
Ne6 54. Kf5 Ng7+ 55. Kg6 Ne6 56. Kf5 Ng7+ 1/2-1/2

[Event "6. OPEN International Ch of Vojvodina 20"]
[Site "Novi Sad"]
[Date "2015.07.29"]
[Round "7.31"]
[White "Marjanusic, Vladimir"]
[Black "Matovic, Mihajlo Z"]
[Result "0-1"]
[WhiteElo "2250"]
[BlackElo "2100"]
[PlyCount "72"]
[EventDate "2015.07.25"]

1. e4 c5 2. Nf3 d6 3. d4 cxd4 4. Nxd4 Nf6 5. Nc3 a6 6. Bc4 e6 7. Bb3 Nbd7 8. f4
Nc5 9. e5 dxe5 10. fxe5 Nxb3 11. axb3 Nd5 12. O-O Nxc3 13. bxc3 Qc7 14. Qf3 Bc5
15. Qg3 f5 16. Ba3 Bxa3 17. Rxa3 O-O 18. Raa1 Bd7 19. Qe3 Rad8 20. Rad1 Rfe8
21. c4 Bc6 22. Rd2 Be4 23. Qf4 b5 24. cxb5 axb5 25. Rfd1 Qc5 26. Kf1 Rd5 27.
Nf3 Bxc2 28. Rc1 Rxd2 29. Qxd2 Bd3+ 30. Ke1 Qd5 31. Rc7 Ra8 32. Qg5 Ra1+ 33.
Kf2 Rf1+ 34. Kg3 Rxf3+ 35. gxf3 Qxe5+ 36. Qf4 Qe1+ 0-1

[Event "6. OPEN International Ch of Vojvodina 20"]
[Site "Novi Sad"]
[Date "2015.07.29"]
[Round "7.32"]
[White "Kovacevic, Sinisa"]
[Black "Drljevic, Ljilja"]
[Result "0-1"]
[WhiteElo "2236"]
[BlackElo "2140"]
[PlyCount "94"]
[EventDate "2015.07.25"]

1. d4 d6 2. Nf3 Nf6 3. c4 Nbd7 4. Nc3 e5 5. g3 Be7 6. Bg2 O-O 7. O-O c6 8. e4
a6 9. a4 a5 10. h3 Re8 11. Be3 exd4 12. Nxd4 Nc5 13. Qc2 Bf8 14. Rfd1 Qe7 15.
Nf5 Qe6 16. Bxc5 dxc5 17. Ne3 g6 18. Kh2 h5 19. f4 h4 20. g4 Bd6 21. Qf2 g5 22.
e5 Bc7 23. Ned5 cxd5 24. cxd5 Qa6 25. d6 Bb8 26. exf6 Bxd6 27. Nd5 Be6 28. Kh1
Bxd5 29. Rxd5 Bxf4 30. Rf5 Re5 31. Rxe5 Bxe5 32. Qxc5 Qxf6 33. Rf1 Bf4 34. Bxb7
Rb8 35. Bg2 Rxb2 36. Qxa5 Qd4 37. Qa8+ Kg7 38. a5 Ra2 39. a6 Qd3 40. Qf3 Qc2
41. Qb7 Ra3 42. Rxf4 gxf4 43. a7 f3 44. Qxf3 Rxf3 45. a8=Q Qc1+ 46. Kh2 Qf4+
47. Kh1 Re3 0-1

[Event "6. OPEN International Ch of Vojvodina 20"]
[Site "Novi Sad"]
[Date "2015.07.29"]
[Round "7.33"]
[White "Deze, Vladimir"]
[Black "Mazet, Julien"]
[Result "1/2-1/2"]
[WhiteElo "2215"]
[BlackElo "2139"]
[PlyCount "22"]
[EventDate "2015.07.25"]

1. d4 Nf6 2. c4 g6 3. Nc3 d5 4. Nf3 Bg7 5. e3 O-O 6. Qb3 c6 7. Bd2 e6 8. Be2
Nbd7 9. O-O b6 10. Rfd1 Bb7 11. Rac1 Qe7 1/2-1/2

[Event "6. OPEN International Ch of Vojvodina 20"]
[Site "Novi Sad"]
[Date "2015.07.29"]
[Round "7.34"]
[White "Stojkovic, Nenad P"]
[Black "Banovic, Ivan"]
[Result "1-0"]
[WhiteElo "2096"]
[BlackElo "2199"]
[PlyCount "61"]
[EventDate "2015.07.25"]

1. Nf3 Nf6 2. d4 g6 3. g3 Bg7 4. Bg2 O-O 5. c4 d6 6. O-O Nc6 7. Nc3 a6 8. b3
Rb8 9. Bb2 b5 10. cxb5 axb5 11. Rc1 b4 12. Na4 Na5 13. Qc2 c6 14. Nd2 Ba6 15.
Rfe1 Bb5 16. e4 Nd7 17. e5 Nb6 18. Nxb6 Qxb6 19. Ne4 dxe5 20. dxe5 Nb7 21. e6
f6 22. a4 bxa3 23. Bxa3 Qc7 24. Nc3 Nd6 25. Rcd1 Rfd8 26. Nxb5 Nxb5 27. Bc5 f5
28. Rd7 Rxd7 29. exd7 e5 30. Qc4+ Kh8 31. Qe6 1-0

[Event "6. OPEN International Ch of Vojvodina 20"]
[Site "Novi Sad"]
[Date "2015.07.29"]
[Round "7.35"]
[White "Pecelj, Nedeljko"]
[Black "Adamov, Ivan"]
[Result "1-0"]
[WhiteElo "2182"]
[BlackElo "2033"]
[PlyCount "115"]
[EventDate "2015.07.25"]

1. Nf3 Nf6 2. g3 g6 3. Bg2 Bg7 4. c4 O-O 5. O-O d6 6. d4 Nc6 7. d5 Na5 8. Nfd2
c5 9. Nc3 a6 10. Qc2 Rb8 11. Rb1 Bd7 12. b3 b5 13. Bb2 e6 14. e4 exd5 15. cxd5
Qc7 16. Rfe1 b4 17. Nd1 Rfe8 18. Rc1 Rbc8 19. Qb1 Nxd5 20. Bxg7 Kxg7 21. Nb2
Nc3 22. Qa1 Kg8 23. Nd3 Nc6 24. Rxc3 bxc3 25. Qxc3 Nd4 26. Nf4 Bc6 27. Nc4 Qe7
28. Ne3 Qf6 29. Nfd5 Bxd5 30. Nxd5 Qd8 31. f4 f6 32. h4 Kg7 33. Kf2 a5 34. h5
Rb8 35. Rh1 Qd7 36. h6+ Kf7 37. Bf1 Rxe4 38. Bc4 Re6 39. f5 gxf5 40. Nf4 Rbe8
41. Re1 R8e7 42. Qxa5 Qb7 43. Bd5 Qb4 44. Qxb4 cxb4 45. Rd1 Nb5 46. Nxe6 Rxe6
47. Bxe6+ Kxe6 48. Ke3 Nc3 49. Rd2 Ke5 50. Rc2 d5 51. Kd3 d4 52. Rc1 f4 53.
Re1+ Kf5 54. gxf4 Kxf4 55. Re7 Kg5 56. Rxh7 Kg6 57. Rh8 Nxa2 58. Kxd4 1-0

[Event "6. OPEN International Ch of Vojvodina 20"]
[Site "Novi Sad"]
[Date "2015.07.29"]
[Round "7.36"]
[White "Zegarac, Vuk"]
[Black "Nestorovic, Irena"]
[Result "1-0"]
[WhiteElo "2180"]
[BlackElo "2019"]
[PlyCount "70"]
[EventDate "2015.07.25"]

1. d4 Nf6 2. Nc3 d5 3. Bg5 Bf5 4. e3 Nbd7 5. Bd3 Bg6 6. Nge2 c6 7. Nf4 e5 8.
dxe5 Nxe5 9. O-O Be7 10. Nce2 Nfg4 11. Bxe7 Qxe7 12. h3 Nh6 13. Ng3 O-O 14. Rb1
a5 15. Qd2 Rfd8 16. Qc3 Qd6 17. Bxg6 hxg6 18. Rfd1 Nf5 19. Nge2 g5 20. Nd3 Nxd3
21. Rxd3 Qe7 22. a3 Nd6 23. Ng3 Nb5 24. Qd2 Qf6 25. e4 d4 26. Nf5 g6 27. Nh6+
Kg7 28. Ng4 Qf4 29. Qe2 Re8 30. e5 Nd6 31. Qd1 Nf5 32. Rf3 Qe4 33. Qd2 Nh4 34.
Qxg5 Qxf3 35. Qh6+ Kg8 1-0

[Event "6. OPEN International Ch of Vojvodina 20"]
[Site "Novi Sad"]
[Date "2015.07.29"]
[Round "7.37"]
[White "Grcic, Vukasin"]
[Black "Jovic, Stevan"]
[Result "0-1"]
[WhiteElo "1905"]
[BlackElo "2168"]
[PlyCount "90"]
[EventDate "2015.07.25"]

1. e4 c6 2. d4 d5 3. Nd2 dxe4 4. Nxe4 Bf5 5. Ng3 Bg6 6. h4 h6 7. Nf3 Nf6 8. h5
Bh7 9. Bd3 Bxd3 10. Qxd3 e6 11. Bf4 c5 12. O-O-O Nc6 13. Ne4 cxd4 14. Nxd4 Qxd4
15. Qxd4 Nxd4 16. Nxf6+ gxf6 17. Rxd4 Bc5 18. Rd2 e5 19. Bg3 Rd8 20. Rxd8+ Kxd8
21. Kd2 Kd7 22. Ke2 Ke6 23. f3 Rg8 24. Rh3 f5 25. Kf1 f4 26. Bf2 Be7 27. Bh4
Bxh4 28. Rxh4 f5 29. Kf2 Kf6 30. Rh1 Rd8 31. Ke2 Kg5 32. Rh3 Rd6 33. a3 Rb6 34.
b3 Ra6 35. a4 Rc6 36. Kd3 e4+ 37. fxe4 Rd6+ 38. Ke2 fxe4 39. Rc3 b6 40. Rc7 e3
41. Kf3 Rd2 42. Rg7+ Kf6 43. Rg6+ Kf5 44. g4+ Ke5 45. g5 Kf5 0-1

[Event "6. OPEN International Ch of Vojvodina 20"]
[Site "Novi Sad"]
[Date "2015.07.29"]
[Round "7.39"]
[White "Popov, Jovan"]
[Black "Brinovec, David"]
[Result "1-0"]
[WhiteElo "2156"]
[BlackElo "1991"]
[PlyCount "89"]
[EventDate "2015.07.25"]

1. d4 d5 2. c4 c6 3. Nc3 Nf6 4. Nf3 e6 5. e3 Nbd7 6. Bd3 dxc4 7. Bxc4 b5 8. Bd3
Bb7 9. O-O a6 10. Qe2 Bd6 11. Rd1 Qc7 12. e4 e5 13. Be3 O-O 14. Rac1 exd4 15.
Bxd4 Ne5 16. Nd5 Nxf3+ 17. Qxf3 Nxd5 18. exd5 Bxh2+ 19. Kh1 Bf4 20. g3 Rad8 21.
Qxf4 Qxf4 22. gxf4 Rxd5 23. Be4 c5 24. Bxd5 Bxd5+ 25. Kh2 cxd4 26. b3 Be6 27.
Rxd4 Rb8 28. Rc6 a5 29. Rb6 Re8 30. Rxb5 a4 31. f5 axb3 32. fxe6 bxa2 33. Ra4
fxe6 34. Rxa2 Re7 35. f4 Kf7 36. Kg3 g6 37. Kh4 Kf6 38. Ra8 Rc7 39. Rf8+ Kg7
40. Rbb8 Rc4 41. Rg8+ Kh6 42. Kg3 Rc3+ 43. Kg4 Rc6 44. Rb7 e5 45. Rgg7 1-0

[Event "6. OPEN International Ch of Vojvodina 20"]
[Site "Novi Sad"]
[Date "2015.07.29"]
[Round "7.40"]
[White "Arsic, Djordje"]
[Black "Milanovic, Maja"]
[Result "1-0"]
[WhiteElo "2153"]
[BlackElo "1900"]
[PlyCount "93"]
[EventDate "2015.07.25"]

1. e4 c5 2. Nf3 e6 3. d4 cxd4 4. Nxd4 a6 5. Nc3 Qc7 6. Qf3 Nc6 7. Nxc6 bxc6 8.
Bf4 e5 9. Be3 Rb8 10. Bc4 Nf6 11. h3 Qa5 12. Bb3 Bb4 13. Bg5 Ke7 14. O-O Bxc3
15. bxc3 h6 16. Bxf6+ gxf6 17. Qh5 d5 18. f4 Qxc3 19. exd5 Rxb3 20. d6+ Ke8 21.
cxb3 e4 22. f5 Rg8 23. Rae1 Qd4+ 24. Kh1 c5 25. Rd1 Qb2 26. Rg1 Bd7 27. Qxh6
Bxf5 28. Qe3 Qe5 29. Rc1 Qd4 30. Qf4 Bd7 31. Rgd1 Qe5 32. Qxe5+ fxe5 33. Rxc5
f6 34. Re1 Bf5 35. g4 Be6 36. Rc7 Kd8 37. Ra7 Bd5 38. Kh2 f5 39. gxf5 e3 40. h4
Rg2+ 41. Kh3 e2 42. Re7 Rf2 43. Rxe5 Bf3 44. Kg3 Rf1 45. R1xe2 Bxe2 46. Rxe2
Rxf5 47. Rd2 1-0